000 00297nam a2200097Ia 4500
082 _a339.5096 RAJU
245 0 _aHow to do business in Africa : a brief guide
100 _a Rajuili, Ntebo Johannesburg, South Africa, 2010
_924254
942 _cBK
008 210816s9999 xx 000 0 und d
999 _c116831
_d116830